Statistics for Presidential Conventions Quiz

Click here to take the quiz!

General Stats

  • This quiz has been taken 875 times
  • The average score is 18 of 27

Answer Stats

#City% Correct
6New York City
95%
25Chicago
94%
2Los Angeles
93%
1Boston
91%
1Dallas
89%
3Miami Beach
86%
8Philadelphia
86%
2Houston
85%
4San Francisco
85%
1Atlanta
81%
2Denver
77%
1Detroit
75%
2Cleveland
74%
13Baltimore
67%
1New Orleans
66%
1Charlotte
65%
4St. Louis
65%
1San Diego
64%
1Tampa
63%
1Minneapolis
62%
3Cincinnati
59%
3Kansas City
57%
1Columbus
50%
1St. Paul
37%
1Charleston
33%
1Atlantic City
17%
1Harrisburg
13%

Score Distribution

Percentile by Number Answered

Percent of People with Each Score

Your Score History

You have not taken this quiz